000 00466nam a2200169Ia 4500
003 GCL
008 140319s9999 xx 000 0 eng d
040 _aGCL /
_cGCL
082 0 4 _aCC
_b054.913
_bI W
100 1 _aWIET, GASTON
245 1 0 _aIBN RUSTEH LES TOURS PRECIEUX /
_cWIET, GASTON
260 _a[S.N] :
_bLA SOCIETE DE GEOGRAPHIE D'EGYPTE ،
_c1955
300 _a319
650 0 4 _aLA SOCIETE DE GEOGRAPHIC D'EGY
650 0 4 _aPERIODICALS
942 _2ddc
_cBK
999 _c17201
_d17201